| 000 -ლიდერი |
| ფიქსირებული სიგრძის საკონტროლო ველი |
01486nam a2200265Ia 4500 |
| 001 - საკონტროლო ნომერი |
| საკონტროლო ველი |
8216 |
| 003 - საკონტროლო ნომრის იდენტიფიკატორი |
| საკონტროლო ველი |
GE_BSU |
| 005 - ბოლო ოპერაციის თარიღი და დრო |
| საკონტროლო ველი |
20240415173434.0 |
| 008 - ფიქსირებული სიგრძის მონაცემთა ელემენტები - ზოგადი ინფორმაცია |
| ფიქსირებული სიგრძის საკონტროლო ველი |
181216s2013||||ge |||||||||||||| ||geo|| |
| 020 ## - წიგნის საერთაშორისო სტანდარტული ნომერი |
| International Standard Book Number |
9789941934384 |
| 040 ## - კატალოგიზაციის წყარო |
| Transcribing agency |
GE_BSU |
| 041 ## - ენის კოდი |
| Language code of text/sound track or separate title |
geo |
| 080 ## - უნივერსალური ათობითი კლასიფიკაციის ინდექსი |
| Universal Decimal Classification number |
343(075.8) ს-323 |
| 245 ## - ცნობა სათაურის შესახებ |
| Title |
საქართველოს სისხლის სამართლის პროცესი : |
| Remainder of title |
კერძო ნაწილი / |
| Statement of responsibility, etc |
ავტ. : მ. მამნიაშვილი, ჯ. გახოკიძე, ი. აქუბარდია [და სხვ.] ; რედ. : მიხეილ მამნიაშვილი [და სხვ.]. |
| 250 ## - გამოცემის ცნობა |
| Edition statement |
მე-2 გამოცემა |
| 264 ## - წარმოების, გამოცემის, დისტრიბუციის და სხვა ცნობები |
| გამოცემის, წარმოების, დისტრიბუციის... ადგილი |
თბილისი : |
| გამოცემის, წარმოების, დისტრიბუციის... სახელწოდება |
იურისტების სამყარო, |
| გამოცემის, წარმოების, დისტრიბუციის... თარიღი |
2013. |
| 300 ## - ფიზიკური აღწერა |
| Extent |
379 გვ. ; |
| Dimensions |
21 სმ. |
| 504 ## - BIBLIOGRAPHY, ETC. NOTE |
| Bibliography, etc |
ბიბლიოგრაფია ტექსტების შენიშნებში და გვ. 370-378 |
| 653 ## - INDEX TERM--UNCONTROLLED |
| Uncontrolled term |
საქართველოს სისხლის სამართლის პროცესი |
| 700 ## - ADDED ENTRY--PERSONAL NAME |
| Personal name |
მამნიაშვილი, მ. |
| Relator term |
ავტორი |
| 9 (RLIN) |
11931 |
| 700 ## - ADDED ENTRY--PERSONAL NAME |
| Personal name |
გახოკიძე, ი. |
| Relator term |
ავტორი |
| 9 (RLIN) |
21796 |
| 700 ## - ADDED ENTRY--PERSONAL NAME |
| Personal name |
აქუბარდია, ი. |
| Relator term |
ავტორი |
| 9 (RLIN) |
21797 |
| 700 ## - ADDED ENTRY--PERSONAL NAME |
| Personal name |
მამნიაშვილი, მიხეილ |
| Relator term |
რედაქტორი |
| 9 (RLIN) |
8217 |
| 942 ## - ADDED ENTRY ELEMENTS (KOHA) |
| Koha item type |
წიგნი |
| Source of classification or shelving scheme |
|